Chansons de aespa - Mort subite - Statistiques

Statistiques générales
  • Ce quiz a été pris 349 fois
  • Le résultat moyen est 16 sur 23
Answers on the Grid
Answers color-coded by a green-red scale on the quiz's grid according to % correct below.
LATATA
Supernova
Next Level
Untie
Lucid Dream
Savage
Better Things
Black Mamba
THIS IS FOR
Illusion
Cool With You
Forever (약속)
Drama
Dirty Work
Hot Mess
ANTIFRAGILE
Typa Girl
Armageddon
After LIKE
Spicy
MY BAG
Licorice
Pink Hoodie
Hold On Tight
TANK
Thirsty
Power Up
Odd Eye
Whiplash
aenergy
I'm Unhappy
ICU
Not Shy
YEPPI YEPPI
Welcome To MY World
 
Statistiques - réponses
Réponse % Correct
Supernova
95%
Drama
93%
Armageddon
90%
Next Level
90%
Savage
89%
Black Mamba
88%
Whiplash
83%
Dirty Work
80%
Spicy
79%
aenergy
71%
Illusion
69%
Hold On Tight
68%
Better Things
65%
Welcome To MY World
62%
Hot Mess
61%
Lucid Dream
60%
Thirsty
56%
Forever (약속)
51%
I'm Unhappy
47%
YEPPI YEPPI
46%
Pink Hoodie
43%
Licorice
42%
ICU
38%
Aucun quiz correspondant
Distribution des résultats
% des personnes avec chaque résultat
Percentile par nombre de réponses
Votre historique - résultats
Vous n’avez pas pris ce quiz